00390 2200157 4500001002100000008004100021035002000062245003600082100001100118260002500129300002200154020002200176084001400198082000800212990001200220INLIS000000000002873 IND  a0010-0925000220 aPencahayaam Tanpa BatascAtilla aAtilla aJakartabZettuc2013 a180c(13 x 19 cm) a978-602-7735-54-5 a813 ATI c a813 a0755095